Online
Catalog

Memorias de Juanito : (Record no. 50391)

MARC details
000 -CABECERA
campo de control de longitud fija 02972nam a2200397 i 4500
003 - IDENTIFICADOR DEL NÚMERO DE CONTROL
campo de control DO-SdBNP
005 - FECHA Y HORA DE LA ÚLTIMA TRANSACCIÓN
campo de control 20260421115622.0
007 - CAMPO FIJO DE DESCRIPCIÓN FÍSICA--INFORMACIÓN GENERAL
campo de control de longitud fija ta
008 - DATOS DE LONGITUD FIJA--INFORMACIÓN GENERAL
campo de control de longitud fija 210903b2020 dr ||||| |||| 00| 0 spa d
020 ## - NÚMERO INTERNACIONAL ESTÁNDAR DEL LIBRO
Número Internacional Estándar del Libro 9789945074369
040 ## - FUENTE DE LA CATALOGACIÓN
Centro catalogador/agencia de origen DO-SdBNP
Lengua de catalogación spa
Centro/agencia transcriptor BNPHU
Normas de descripción rda
041 ## - CÓDIGO DE LENGUA
Código de lengua del texto/banda sonora o título independiente spa
082 #4 - NÚMERO DE LA CLASIFICACIÓN DECIMAL DEWEY
Número de clasificación 923.27293
Número de documento/Ítem B742p 2020
Número de edición 22
100 1# - ENTRADA PRINCIPAL--NOMBRE DE PERSONA
Nombre de persona Pérez Stefan, Reynolds J.
Término indicativo de función/relación autor
Código de función/relación aut.
9 (RLIN) 38778
245 10 - MENCIÓN DE TÍTULO
Título Memorias de Juanito :
Resto del título historia vivida y recogida en las riberas del río Camú /
Mención de responsabilidad, etc. Reynolds J. Pérez Stefan ; prólogo a la presente edición, Roberto Cassá ; prólogo a la primera edición, León David.
250 ## - MENCIÓN DE EDICIÓN
Mención de edición cuarta edición
264 #4 - PRODUCCIÓN, PUBLICACIÓN, DISTRIBUCIÓN, FABRICACIÓN Y COPYRIGHT
Producción, publicación, distribución, fabricación y copyright Santo Domingo, República Dominicana :
Nombre del de productor, editor, distribuidor, fabricante Archivo General de la Nación,
Fecha de producción, publicación, distribución, fabricación o copyright ©2020.
300 ## - DESCRIPCIÓN FÍSICA
Extensión 234 páginas :
Otras características físicas ilustraciones, fotos, retratos ;
Dimensiones 23 cm.
336 ## - TIPO DE CONTENIDO
Término de tipo de contenido texto
Código de tipo de contenido txt
Fuente rdacontent
337 ## - TIPO DE MEDIO
Nombre/término del tipo de medio sin mediación
Código del tipo de medio n
Fuente rdamedia
338 ## - TIPO DE SOPORTE
Nombre/término del tipo de soporte volumen
Código del tipo de soporte nc
Fuente rdacarrier
490 0# - MENCIÓN DE SERIE
Mención de serie Archivo General de la Nación
Designación de volumen o secuencia 384
500 ## - NOTA GENERAL
Nota general Incluye datos biográficos del autor en la solapa de la cubierta
500 ## - NOTA GENERAL
Nota general Incluye índice onomástico<br/>
500 ## - NOTA GENERAL
Nota general Incluye referencias bibliográficas y notas al pie de las páginas
504 ## - NOTA DE BIBLIOGRAFÍA, ETC.
Nota de bibliografía, etc. Bibliografía : páginas 221-224
505 0# - NOTA DE CONTENIDO CON FORMATO
Nota de contenido con formato Prólogo a la presente edición /
Mención de responsabilidad Roberto Cassá --
Título Prólogo a la primera edición /
Mención de responsabilidad León David --
Información miscelánea Primera parte--
Título Realidad social, política y económica de España a finales del siglo XIX y principios del XX --
Información miscelánea Segunda parte.
Título Realidad social, política y económica de Puerto Rico a finales del siglo XIX y principios del XX --
Información miscelánea Tercera parte--
Título Realidad social, política y económica de la República Dominicana a finales del siglo XIX y principios del XX --
Información miscelánea Cuarta parte--
Título Realidad social, política y económica de La Vega a finales del siglo XIX y principios del XX --
Información miscelánea Quinta parte--
Título Orígenes familiares, nacimiento de Juanito, sus primeros años en La Vega --
Información miscelánea Sexta parte--
-- Séptima parte--
Título Su nuevo hogar, su nuevo barrio, sus primeras actividades pueblerinas, sus amigos y actividades familiares, acontecimientos de La Vega --
-- Historia escolar; el autodidacta, condiscípulos, cuerpo profesoral, el adolescente, inicios en literatura, actividades culturales, actividades políticas, actividades pueblerinas, estudios de artes, enfermedad, partida de La Vega --
-- Comentarios finales --
-- Carta de Silvio Morillo Álvarez --
-- Miscelánea de Juanito.
590 ## - NOTA LOCAL (RLIN)
Nota local Inventariado, 2021 /LP
600 10 - PUNTO DE ACCESO ADICIONAL DE MATERIA--NOMBRE DE PERSONA
Nombre de persona Bosch, Juan,
Fechas asociadas al nombre 1909-2001
9 (RLIN) 76555
650 #4 - PUNTO DE ACCESO ADICIONAL DE MATERIA--TÉRMINO DE MATERIA
Término de materia o nombre geográfico como elemento de entrada Presidentes
Subdivisión de forma Biografías
Subdivisión geográfica República Dominicana
9 (RLIN) 1288
651 #4 - PUNTO DE ACCESO ADICIONAL DE MATERIA--NOMBRE GEOGRÁFICO
Nombre geográfico República Dominica
Subdivisión general Historia
Subdivisión cronológica 1961-
9 (RLIN) 81725
700 1# - PUNTO DE ACCESO ADICIONAL--NOMBRE DE PERSONA
Nombre de persona Cassá, Roberto,
Fechas asociadas al nombre 1948-
Término indicativo de función/relación prologuista
Código de función/relación pr.
9 (RLIN) 10888
700 1# - PUNTO DE ACCESO ADICIONAL--NOMBRE DE PERSONA
Nombre de persona León David,
Fechas asociadas al nombre 1945-
Término indicativo de función/relación prologuista
Código de función/relación pr.
9 (RLIN) 84930
910 ## - DATOS DE OPCIÓN DEL USUARIO (OCLC)
Datos de opción del usuario Validado. Control de calidad MFF
942 ## - ELEMENTOS DE PUNTO DE ACCESO ADICIONAL (KOHA)
Fuente del sistema de clasificación o colocación Dewey Decimal Classification
Tipo de ítem Koha Libro
Holdings
Estado de retiro Estado de pérdida Fuente del sistema de clasificación o colocación Restricciones de uso No para préstamo Código de colección Localización permanente Ubicación/localización actual Ubicación en estantería Fecha de adquisición Fuente de adquisición Signatura topográfica completa Código de barras Fecha visto por última vez Precio válido a partir de Tipo de ítem Koha Número de copia Total de préstamos
    Dewey Decimal Classification Excluido de préstamo   Patrimonio Dominicano Biblioteca Nacional Pedro Henríquez Ureña Biblioteca Nacional Pedro Henríquez Ureña Depósito 03.09.2021 Depósito Legal BNPHU PD 923.27293 B742p 2020 2021-26034 03.09.2021 03.09.2021 Libro    
    Dewey Decimal Classification Excluido de préstamo   Patrimonio Dominicano Biblioteca Nacional Pedro Henríquez Ureña Biblioteca Nacional Pedro Henríquez Ureña Depósito 03.09.2021 Depósito Legal BNPHU PD 923.27293 B742p 2020 2021-26035 03.09.2021 03.09.2021 Libro e.2  
    Dewey Decimal Classification Préstamo en sala   Dominicana de Servicio Biblioteca Nacional Pedro Henríquez Ureña Biblioteca Nacional Pedro Henríquez Ureña Depósito 03.09.2021 Depósito Legal BNPHU DS 923.27293 B742p 2020 2021-26036 03.09.2021 03.09.2021 Libro e.3  
    Dewey Decimal Classification Préstamo en sala   Dominicana de Servicio Biblioteca Nacional Pedro Henríquez Ureña Biblioteca Nacional Pedro Henríquez Ureña Depósito 18.01.2023 Donado por el Archivo General de la Nación BNPHU DS 923.27293 B742p 2020 2023-0233 18.01.2023 18.01.2023 Libro e.4  
    Dewey Decimal Classification Préstamo en sala   Dominicana de Servicio Biblioteca Nacional Pedro Henríquez Ureña Biblioteca Nacional Pedro Henríquez Ureña Depósito 18.01.2023 Donado por el Archivo General de la Nación BNPHU DS 923.27293 B742p, 2020 2023-0234 18.01.2023 18.01.2023 Libro e.5  

Powered by Koha